|
|
|
|
| LEADER |
00000nam2a2200000 4500 |
| 001 |
352591 |
| 005 |
20231102010519.0 |
| 035 |
|
|
|a (RuTPU)RU\TPU\retro\9254
|
| 035 |
|
|
|a RU\TPU\retro\9246
|
| 090 |
|
|
|a 352591
|
| 100 |
|
|
|a 20200123d1960 k y0rusy50 ca
|
| 101 |
0 |
|
|a rus
|
| 102 |
|
|
|a RU
|
| 105 |
|
|
|a a z 001zy
|
| 200 |
0 |
|
|a Вып. 26 : Применение регулируемого направленного приема (РНП) сейсмических волн
|f под ред. Л. А. Рябинкина
|
| 210 |
|
|
|d 1960
|
| 215 |
|
|
|a 241 с.
|c ил.
|
| 320 |
|
|
|a Библиогр. в конце ст.
|
| 461 |
|
1 |
|0 (RuTPU)RU\TPU\retro\9257
|t Труды [Московского института нефтехимической и газовой промышленности]
|o [сборник]
|f Московский институт нефтехимической и газовой промышленности им. И. М. Губкина (МИНХиГП)
|v Вып. 26 : Применение регулируемого направленного приема (РНП) сейсмических волн
|d 1959-
|
| 512 |
1 |
|
|a Регулируемый направленный прием сейсмических волн
|
| 606 |
1 |
|
|a Нефтегазовые месторождения
|x Системы разработки
|x Эксплуатация
|2 stltpush
|3 (RuTPU)RU\TPU\subj\45562
|9 64757
|
| 610 |
1 |
|
|a радиометрия
|
| 610 |
1 |
|
|a аппаратура
|
| 610 |
1 |
|
|a сейсморазведка
|
| 610 |
1 |
|
|a применение
|
| 610 |
1 |
|
|a интерпретация данных
|
| 610 |
1 |
|
|a дифрагированные волны
|
| 610 |
1 |
|
|a Сахалин
|
| 610 |
1 |
|
|a Приуралье
|
| 610 |
1 |
|
|a Заволжье
|
| 702 |
|
1 |
|a Рябинкин
|b Л. А.
|4 340
|
| 801 |
|
1 |
|a RU
|b 63413507
|c 20060206
|g PSBO
|
| 801 |
|
2 |
|a RU
|b 63413507
|c 20200220
|g PSBO
|
| 942 |
|
|
|c BK
|